[Event "Albena op"]
[Site "Albena"]
[Date "2017.06.21"]
[Round "5"]
[White "Dudkin, Maxim"]
[Black "Petrov, Plamen"]
[Result "1-0"]
[WhiteElo "2100"]
[BlackElo "1868"]
[PlyCount "63"]
[EventDate "2017.06.17"]
[EventType "swiss"]
[EventRounds "9"]
[EventCountry "BUL"]
[SourceTitle "CBM 179 Extra"]
[Source "ChessBase"]
[SourceDate "2017.08.23"]
[SourceVersion "1"]
[SourceVersionDate "2017.08.23"]
[SourceQuality "1"]

1. e4 c5 2. g3 g6 3. Bg2 Bg7 4. f4 d6 5. Nf3 Nc6 6. d3 e6 7. 0-0 Nge7 8. c3 0-0 9. Be3 b6 10. d4 cxd4 11. cxd4 d5 12. e5 Nf5 13. Bf2 h5 14. Nc3 a6 15. h3 Nh6 16. Nh4 Ne7 17. g4 hxg4 18. hxg4 f5 19. exf6 Rxf6 20. g5 Rxf4 21. gxh6 Bxh6 22. Bg3 Rxf1+ 23. Qxf1 Bd7 24. Qf6 Bg7 25. Qf2 g5 26. Nf3 Nf5 27. Ne5 Rc8 28. Rd1 b5 29. a3 a5 30. Nxd7 Bxd4 31. Rxd4 Nxd4 32. Nf6+ 1-0

[Event "Albena op"]
[Site "Albena"]
[Date "2017.06.18"]
[Round "2"]
[White "Ioannidis, Evgenios"]
[Black "Dudkin, Maxim"]
[Result "1-0"]
[WhiteElo "2388"]
[BlackElo "2100"]
[PlyCount "77"]
[EventDate "2017.06.17"]
[EventType "swiss"]
[EventRounds "9"]
[EventCountry "BUL"]
[SourceTitle "CBM 179 Extra"]
[Source "ChessBase"]
[SourceDate "2017.08.23"]
[SourceVersion "1"]
[SourceVersionDate "2017.08.23"]
[SourceQuality "1"]

1. d4 f5 2. g3 Nf6 3. Bg2 e6 4. Nf3 d5 5. 0-0 Bd6 6. c4 c6 7. b3 Qe7 8. a4 a5 9. Ba3 Bb4 10. Bxb4 axb4 11. Ne5 0-0 12. Nd3 Na6 13. c5 Nd7 14. Qd2 e5 15. e3 b6 16. Nxb4 Nxb4 17. Qxb4 bxc5 18. Qc3 Bb7 19. Rc1 cxd4 20. exd4 exd4 21. Qxd4 Qe5 22. Qxe5 Nxe5 23. f4 Nd3 24. Rc3 Nb4 25. Na3 Rfe8 26. Nc2 Nxc2 27. Rxc2 Re3 28. b4 Rb3 29. b5 cxb5 30. Rc7 Rxa4 31. Re1 Re4 32. Bxe4 fxe4 33. Rxb7 Rd3 34. Ra1 h5 35. f5 Rf3 36. Rxb5 d4 37. Re1 e3 38. Rd5 h4 39. Rxd4 1-0

[Event "Moscow op"]
[Site "Moscow"]
[Date "2011.01.08"]
[Round "5"]
[White "Kedrov, Valery V"]
[Black "Dudkin, Maxim"]
[Result "1-0"]
[WhiteElo "2276"]
[BlackElo "2121"]
[PlyCount "139"]
[EventDate "2011.01.03"]
[EventType "swiss"]
[EventRounds "9"]
[EventCountry "RUS"]
[SourceTitle "CBM 140 Extra"]
[Source "ChessBase"]
[SourceDate "2011.03.01"]
[SourceVersion "1"]
[SourceVersionDate "2011.03.01"]
[SourceQuality "1"]

1. e4 e5 2. Nf3 d6 3. d4 exd4 4. Qxd4 Nc6 5. Bb5 Bd7 6. Bxc6 Bxc6 7. Bg5 Nf6 8. Bxf6 Qxf6 9. Qxf6 gxf6 10. Nc3 f5 11. Nd4 Bxe4 12. f3 Bc6 13. Nxf5 Bd7 14. Nd4 0-0-0 15. 0-0-0 Bg7 16. Ne4 h6 17. h4 f5 18. Nf2 Rde8 19. Nh3 Be5 20. c3 Bg3 21. h5 c5 22. Nc2 Re2 23. Rd2 Rhe8 24. Rhd1 Bc6 25. Rxe2 Rxe2 26. Rd2 Re6 27. Kd1 Kd7 28. Re2 Bb5 29. Rxe6 Kxe6 30. Ne3 f4 31. Ng4 Be8 32. Nxh6 Bxh5 33. Ke2 d5 34. Ng4 Kf5 35. Nh6+ Kg6 36. Ng4 Kf5 37. Nh6+ Ke6 38. Ng4 Bg6 39. Ngf2 Kf5 40. Nd3 b6 41. Nhf2 Be8 42. Ng4 Bb5 43. Kd2 a5 44. Nh6+ Ke6 45. Ng4 c4 46. Nc1 Bd7 47. Ne2 Kd6 48. Nxg3 fxg3 49. Ke3 b5 50. Kd4 Bf5 51. Ne3 Be6 52. a3 b4 53. cxb4 axb4 54. axb4 Kc6 55. f4 Kd6 56. f5 Bd7 57. f6 Bc6 58. Nf5+ Ke6 59. Nxg3 Kxf6 60. Ne2 Ke6 61. Nf4+ Kd6 62. g4 Be8 63. Nxd5 Kc6 64. g5 Bf7 65. Ne7+ Kd7 66. Nd5 Kc6 67. Nf4 Kb5 68. Kc3 Kc6 69. g6 Bg8 70. Nh5 1-0

[Event "Moscow op"]
[Site "Moscow"]
[Date "2011.01.03"]
[Round "1"]
[White "Dudkin, Maxim"]
[Black "Shuvalov, Evgenij"]
[Result "1/2-1/2"]
[WhiteElo "2121"]
[BlackElo "2243"]
[PlyCount "79"]
[EventDate "2011.01.03"]
[EventType "swiss"]
[EventRounds "9"]
[EventCountry "RUS"]
[SourceTitle "CBM 140 Extra"]
[Source "ChessBase"]
[SourceDate "2011.03.01"]
[SourceVersion "1"]
[SourceVersionDate "2011.03.01"]
[SourceQuality "1"]

1. e4 e6 2. d3 d5 3. Nd2 c5 4. Ngf3 Nc6 5. g3 Bd6 6. Bg2 Nge7 7. 0-0 0-0 8. Re1 Bc7 9. exd5 exd5 10. d4 cxd4 11. Nb3 Bf5 12. Nfxd4 Bg6 13. Bg5 Re8 14. Nxc6 bxc6 15. Nd4 f6 16. Ne6 Qc8 17. Nxc7 Qxc7 18. Bf4 Qb7 19. b3 Rad8 20. Qd2 Bf5 21. c3 Ng6 22. Rxe8+ Rxe8 23. Re1 Ne5 24. Bxe5 Rxe5 25. Rxe5 fxe5 26. Qg5 Qd7 27. g4 Bxg4 28. Qxe5 h6 29. b4 Qe6 30. Qxe6+ Bxe6 31. Kf1 Kf7 32. Ke2 Ke7 33. Ke3 Kd6 34. Kd4 g5 35. Bf1 Bf7 36. Ba6 Be6 37. a4 Bf7 38. a5 Be6 39. Bd3 Bf7 40. Bf5 1/2-1/2

[Event "Canadian op"]
[Site "Toronto"]
[Date "2010.07.17"]
[Round "8"]
[White "Barron, Michael"]
[Black "Dudkin, Maxim"]
[Result "0-1"]
[WhiteElo "2249"]
[BlackElo "2108"]
[PlyCount "92"]
[EventDate "2010.07.10"]
[EventType "swiss"]
[EventRounds "9"]
[EventCountry "CAN"]
[SourceTitle "CBM 137 Extra"]
[Source "ChessBase"]
[SourceDate "2010.09.01"]
[SourceVersion "1"]
[SourceVersionDate "2010.09.01"]
[SourceQuality "1"]

1. e4 c5 2. Nf3 Nc6 3. d4 cxd4 4. Nxd4 Nf6 5. Nc3 e6 6. Ndb5 Bb4 7. a3 Bxc3+ 8. Nxc3 d5 9. exd5 exd5 10. Bd3 d4 11. Ne4 Bf5 12. Nd6+ Qxd6 13. Bxf5 Qd5 14. Qf3 Qxf3 15. gxf3 0-0 16. 0-0 Rfe8 17. f4 Re7 18. Bd2 Ne4 19. Bxe4 Rxe4 20. Rfe1 Rae8 21. Rxe4 Rxe4 22. Re1 f5 23. f3 Rxe1+ 24. Bxe1 Kf7 25. Kf2 Ke6 26. Ke2 Kd5 27. Bh4 Kc4 28. Kd2 b5 29. b3+ Kd5 30. Kd3 a6 31. Be1 Nd8 32. c4+ dxc3 33. Bxc3 Ne6 34. Be5 g6 35. Ke3 Nc5 36. b4 Nd7 37. Bb2 Kc4 38. Bd4 Nf8 39. Bg7 Ne6 40. Be5 Kb3 41. Kd3 Kxa3 42. Kc3 Ka4 43. Bd6 Nd8 44. Kd4 Nc6+ 45. Kd5 Nxb4+ 46. Ke6 Nd3 0-1

[Event "Moscow op-B"]
[Site "Moscow"]
[Date "2009.11.20"]
[Round "1"]
[White "Grebennikov, Igor"]
[Black "Dudkin, Maxim"]
[Result "0-1"]
[WhiteElo "1400"]
[BlackElo "2104"]
[PlyCount "128"]
[EventDate "2009.01.31"]
[EventType "swiss"]
[EventRounds "9"]
[EventCountry "RUS"]
[SourceTitle "EXT 2012"]
[Source "ChessBase"]
[SourceDate "2011.11.24"]
[SourceVersion "1"]
[SourceVersionDate "2011.11.24"]
[SourceQuality "1"]

1. e4 c6 2. d4 d5 3. Nc3 dxe4 4. Nxe4 Nf6 5. Ng3 h5 6. Bc4 h4 7. N3e2 Bf5 8. h3 Be4 9. f3 Bf5 10. Bd3 Nbd7 11. Bf4 e6 12. Qd2 Bxd3 13. Qxd3 Nd5 14. Bd2 Qc7 15. 0-0-0 Bd6 16. Kb1 b5 17. Nc3 b4 18. Ne4 a5 19. Ne2 a4 20. c4 bxc3 21. N2xc3 0-0 22. Rc1 Rfb8 23. Nxd5 exd5 24. Ng5 Nf6 25. Rhd1 Qb6 26. Rc2 Qa6 27. Be1 Rb5 28. Ka1 Rab8 29. Bc3 Qb6 30. Rb1 Bb4 31. Bxb4 Rxb4 32. Rd2 c5 33. dxc5 Qxc5 34. Rc2 Qa5 35. Rbc1 Rc4 36. Rxc4 dxc4 37. Qd6 Rd8 38. Qf4 a3 39. b3 c3 40. Ne4 Nxe4 41. Qxe4 Qc5 42. Kb1 Qf2 43. Qc2 Rd2 44. Qxc3 Rb2+ 45. Ka1 Rxa2+ 46. Kb1 Rb2+ 47. Ka1 Ra2+ 48. Kb1 Qb2+ 49. Qxb2 Rxb2+ 50. Ka1 Rxb3 51. Rc4 Rb2 52. Rxh4 Rxg2 53. Ra4 a2 54. h4 Kh7 55. Rf4 f6 56. Re4 Kg6 57. Rf4 Kh5 58. Ra4 f5 59. Ra5 g6 60. Ra4 Rh2 61. Ra6 Rf2 62. Ra4 Rxf3 63. Kxa2 Rh3 64. Kb2 Rxh4 0-1

[Event "Moscow op-B"]
[Site "Moscow"]
[Date "2009.02.08"]
[Round "9"]
[White "Musaev, Mansur"]
[Black "Dudkin, Maxim"]
[Result "1-0"]
[WhiteElo "2266"]
[BlackElo "2104"]
[PlyCount "58"]
[EventDate "2009.01.31"]
[EventType "swiss"]
[EventRounds "9"]
[EventCountry "RUS"]
[SourceTitle "EXT 2012"]
[Source "ChessBase"]
[SourceDate "2011.11.24"]
[SourceVersion "1"]
[SourceVersionDate "2011.11.24"]
[SourceQuality "1"]

1. Nf3 d5 2. d4 Nf6 3. c4 e6 4. Nc3 Be7 5. Bg5 0-0 6. e3 b6 7. cxd5 exd5 8. Bd3 Bb7 9. 0-0 Nbd7 10. Rc1 Re8 11. a3 a6 12. Bb1 Rc8 13. Ba2 c6 14. b4 b5 15. Bxf6 Bxf6 16. a4 Nb6 17. a5 Nc4 18. Ne1 Be7 19. Nd3 Bd6 20. Nc5 Bxc5 21. dxc5 Qg5 22. Qd4 Rcd8 23. Rcd1 Bc8 24. h4 Qe7 25. Bxc4 dxc4 26. Qf4 Qf6 27. Qxf6 gxf6 28. Ne4 Kg7 29. Nd6 Rg8 1-0